| 000 | 00718aab a2200217 4500 | ||
|---|---|---|---|
| 001 | 768714001 | ||
| 003 | CO-MdFUSB | ||
| 005 | 20240530123159.0 | ||
| 008 | 170508s1992 cr ||||| |||| 00| 0 spa d | ||
| 022 | _a1409-1968 | ||
| 040 |
_aCO-MdFUSB _bspa _cCO-MdFUSB _dCO-MdFUSB |
||
| 041 | _aspa | ||
| 100 | 1 |
_aRota, Daniel Pedro _eautor |
|
| 245 | 1 | 0 |
_a¡Papá me están saliendo pelos! _c/ Daniel Pedro Rota |
| 300 |
_aVolumen 10. Número 2 (1992), páginas 23-24 _c: 27 cm. |
||
| 520 | _aCómo ayudar a los hijos en la difícil etapa de la pubertad. | ||
| 650 | 1 | 4 | _aFAMILIA |
| 773 | 0 |
_tApuntes Pastorales _049442 _960182 _gVolumen 10. Número 2 (1992), páginas 23-24 _qPágina 23 |
|
| 942 | _cANA | ||
| 945 | _aJTF-925 | ||
| 999 |
_c49750 _d49750 |
||